Đối thoại với các nền văn hóa Phần Lan

שמור ב:
מידע ביבליוגרפי
פורמט: ספר
שפה:Vietnamese
יצא לאור: Tp. Hồ Chí Minh Trẻ 2004
נושאים:
תגים: הוספת תג
אין תגיות, היה/י הראשונ/ה לתייג את הרשומה!
Thư viện lưu trữ: Mạng thư viện Đại học Đà Nẵng
LEADER 01049nam a2200313 4500
001 000006937
003 3097
005 20110927150901.0
008 110923s2004 viesd
020 |c 18000 
041 0 |a vie 
082 |a 306.948.97  |b Đôi 
245 0 |a Đối thoại với các nền văn hóa Phần Lan  |c Trịnh Huy Hóa biên dịch 
260 |a Tp. Hồ Chí Minh  |b Trẻ  |c 2004 
300 |a 171 tr.  |b Ảnh, bản đồ  |c 20 cm. 
653 |a Đối thoại 
653 |a Văn hóa 
653 |a Phần Lan 
910 |a Huỳnh Thị Cẩm Lai  |d 23/09/2011 
OWN |a LSP 
AVA |a UDN50  |b LSP  |d 306.948.97 Đôi  |e available  |t Error 5001 Not defined in file expand_doc_bib_avail.  |f 1  |g 0  |h N  |i 0  |k 1 
999 |a From the UDN01 
AVA |a UDN50  |b LSP  |d 306.948.97 Đôi  |e available  |t Error 5001 Not defined in file expand_doc_bib_avail.  |f 1  |g 0  |h N  |i 0  |k 1 
TYP |a Monograph 
TYP |a Printed language 
980 |a Mạng thư viện Đại học Đà Nẵng